000 00905nam a22002417a 4500
005 20080617123550.0
008 080617t xxu||||| |||| 00| h eng d
010 _aENG-90338
020 _c100.00
_a8179662144
035 _aEN-73871
037 _bDBAD / PUB
040 _aDPL
_bEN
082 _a887
245 _aEmerald treasury of Indain humorous essays in english /
_cedited by G. S. Balarama Gupta [and] C. N. Srinath
260 _aChennai
_bEmerald Publishers
_c2008
270 _a15A, First Floor, Case Major Road, Egmore,
_bChennai
_e600008
300 _a224p.
_c23 cm (pbk)
500 _aISBN is same to another book (8179662225)
700 _aGupta, G.S. Balarama
700 _aSrinath, C. N.
942 _cEN
_h887
_2ddc
_mEME
999 _c13743
_d13743